Strawberry Fields Forever Lyrics - The Beatles - Statistics

General Stats
  • This quiz has been taken 1,352 times
  • The average score is 162 of 196
Answer Stats
Answer % Correct
Fields /
100%
Fields
100%
Strawberry
99%
I
98%
a
97%
forever /
97%
is
96%
is,
96%
you
96%
me
95%
me /
95%
No
95%
no,
95%
not
95%
to
95%
Nothing
94%
nothing
94%
down
93%
going
93%
Let
93%
real
93%
take
93%
I'm
92%
about /
91%
and
90%
'cause
90%
get
89%
it
85%
It
85%
hung
82%
all
79%
be
78%
easy
78%
with
78%
eyes
77%
Living
77%
closed /
76%
It's
76%
it's
76%
its
76%
but
74%
But
74%
see /
74%
much
67%
in
66%
matter
66%
doesn't
65%
out /
65%
think
65%
think,
65%
know,
64%
know
64%
Misunderstanding
64%
hard
63%
one
63%
my
62%
works
62%
someone
59%
That
57%
getting
56%
must
54%
high
53%
or
53%
low /
51%
dream /
49%
mean
49%
tree /
49%
wrong /
49%
too
48%
right /
45%
bad /
44%
disagree /
43%
"yes",
43%
when
36%
can't,
32%
sometimes
31%
tune
30%
Always,
25%
(Cranberry
17%
sauce)
17%
No matching quizzes found
Score Distribution
Percent of People with Each Score
Percentile by Number Answered
Your Score History
You have not taken this quiz